<?xml version="1.0" encoding="UTF-8"?>
<collection xmlns="http://www.loc.gov/MARC21/slim">
 <record>
  <leader>     na                 </leader>
  <controlfield tag="001">INLIS000000000002596</controlfield>
  <controlfield tag="005">20171030010149</controlfield>
  <datafield tag="035" ind1=" " ind2=" ">
   <subfield code="a">0010-0617002596</subfield>
  </datafield>
  <datafield tag="245" ind1="1" ind2=" ">
   <subfield code="a">AUM Upacara Manusa Yadnya /</subfield>
   <subfield code="c">Sri Reshi Ananda kusuma</subfield>
  </datafield>
  <datafield tag="250" ind1=" " ind2=" ">
   <subfield code="a">Cet 2</subfield>
  </datafield>
  <datafield tag="260" ind1=" " ind2=" ">
   <subfield code="a">Denpasar :</subfield>
   <subfield code="b">CV. Kayumas Agung,</subfield>
   <subfield code="c">2009</subfield>
  </datafield>
  <datafield tag="300" ind1=" " ind2=" ">
   <subfield code="a">89 ;</subfield>
   <subfield code="c">18 cm</subfield>
  </datafield>
  <datafield tag="020" ind1=" " ind2=" ">
   <subfield code="a">-</subfield>
  </datafield>
  <datafield tag="082" ind1=" " ind2=" ">
   <subfield code="a">294.5</subfield>
  </datafield>
  <controlfield tag="008">171030                           0 ind  </controlfield>
  <datafield tag="084" ind1=" " ind2=" ">
   <subfield code="a">294.5 SRI a</subfield>
  </datafield>
  <datafield tag="100" ind1="0" ind2=" ">
   <subfield code="a">Sri Reshi Ananda kusuma</subfield>
  </datafield>
  <datafield tag="990" ind1=" " ind2=" ">
   <subfield code="a">294.5.1191</subfield>
  </datafield>
  <datafield tag="990" ind1=" " ind2=" ">
   <subfield code="a">18755</subfield>
  </datafield>
  <datafield tag="990" ind1=" " ind2=" ">
   <subfield code="a">18754</subfield>
  </datafield>
 </record>
</collection>
